[Event "Wch Rapid (Women)"]
[Site "New York"]
[Date "2024.12.28"]
[Round "11"]
[White "Balabayeva, Kseniya"]
[Black "Foisor, Sabina Francesca"]
[Result "0-1"]
[WhiteElo "2247"]
[BlackElo "2296"]
[PlyCount "64"]
[EventDate "2024.12.26"]
[EventType "swiss (rapid)"]
[EventRounds "11"]
[EventCountry "USA"]
[SourceTitle "CB01_2025"]
[SourceDate "2025.01.01"]
[SourceVersion "1"]
[SourceVersionDate "2025.01.01"]
[SourceQuality "1"]

1. d4 d5 2. Bf4 e6 3. e3 Bd6 4. Bg3 Nf6 5. Nd2 b6 6. c3 Bb7 7. Bd3 Nbd7 8. Ngf3 Bxg3 9. hxg3 h6 10. Ne5 Nxe5 11. dxe5 Nd7 12. f4 Qe7 13. Nf3 0-0-0 14. b4 f6 15. Qa4 fxe5 16. Qxa7 Nb8 17. Nxe5 Nc6 18. Nxc6 Bxc6 19. a4 Kd7 20. b5 Ra8 21. bxc6+ Kd6 22. Qxa8 Rxa8 23. Bb5 Qf6 24. Rc1 g5 25. Kf2 Rg8 26. Rh3 e5 27. Rd1 exf4 28. gxf4 gxf4 29. exf4 Qxf4+ 30. Rf3 Qh4+ 31. Kg1 Qg4 32. Rf6+ Ke5 0-1

[Event "Wch Rapid (Women)"]
[Site "New York"]
[Date "2024.12.28"]
[Round "9"]
[White "Balabayeva, Kseniya"]
[Black "Lyutsinger, Iren"]
[Result "1-0"]
[WhiteElo "2247"]
[BlackElo "2140"]
[PlyCount "55"]
[EventDate "2024.12.26"]
[EventType "swiss (rapid)"]
[EventRounds "11"]
[EventCountry "USA"]
[SourceTitle "CB01_2025"]
[SourceDate "2025.01.01"]
[SourceVersion "1"]
[SourceVersionDate "2025.01.01"]
[SourceQuality "1"]

1. d4 Nf6 2. Bf4 g6 3. Nc3 d5 4. e3 c6 5. Nf3 Bg7 6. h4 Bg4 7. Be2 Nbd7 8. Ne5 Bxe2 9. Qxe2 h5 10. f3 Nxe5 11. Bxe5 b5 12. a4 b4 13. Na2 Qa5 14. Nc1 0-0 15. Nb3 Qd8 16. 0-0-0 Nd7 17. g4 Nxe5 18. dxe5 hxg4 19. h5 Bxe5 20. f4 Bg7 21. Qh2 Qd7 22. hxg6 fxg6 23. Nd4 c5 24. f5 cxd4 25. Qh7+ Kf7 26. Qxg6+ Kg8 27. Rh7 Rf7 28. Rdh1 1-0

[Event "Wch Rapid (Women)"]
[Site "New York"]
[Date "2024.12.27"]
[Round "5"]
[White "Balabayeva, Kseniya"]
[Black "Kaliakhmet, Elnaz"]
[Result "0-1"]
[WhiteElo "2247"]
[BlackElo "2162"]
[PlyCount "60"]
[EventDate "2024.12.26"]
[EventType "swiss (rapid)"]
[EventRounds "11"]
[EventCountry "USA"]
[SourceTitle "CB01_2025"]
[SourceDate "2025.01.01"]
[SourceVersion "1"]
[SourceVersionDate "2025.01.01"]
[SourceQuality "1"]

1. d4 d5 2. Nf3 e6 3. Bf4 c5 4. e3 Nf6 5. c3 Bd6 6. Bd3 Bxf4 7. exf4 cxd4 8. cxd4 Qb6 9. Qd2 Nc6 10. Nc3 0-0 11. Rd1 Bd7 12. 0-0 Rac8 13. Rfe1 a6 14. Bb1 Na5 15. Ne5 Rfd8 16. b3 Qb4 17. Re3 Rc7 18. Qb2 Rdc8 19. Ne2 Nc4 20. Nxc4 dxc4 21. a3 Qb6 22. b4 Ba4 23. Rc1 Qd6 24. Nc3 Be8 25. Ne2 Nd5 26. Rh3 g6 27. Qd2 c3 28. Nxc3 Qxf4 29. Qe1 Nxc3 30. Rhxc3 Qxc1 0-1

[Event "Wch Rapid (Women)"]
[Site "New York"]
[Date "2024.12.27"]
[Round "7"]
[White "Balabayeva, Kseniya"]
[Black "Sliwicka, Alicja"]
[Result "1-0"]
[WhiteElo "2247"]
[BlackElo "2206"]
[PlyCount "139"]
[EventDate "2024.12.26"]
[EventType "swiss (rapid)"]
[EventRounds "11"]
[EventCountry "USA"]
[SourceTitle "CB01_2025"]
[SourceDate "2025.01.01"]
[SourceVersion "1"]
[SourceVersionDate "2025.01.01"]
[SourceQuality "1"]

1. d4 Nf6 2. Nf3 d5 3. Bf4 g6 4. e3 Bg7 5. h3 0-0 6. Nc3 c6 7. Be2 b5 8. a4 b4 9. Na2 a5 10. Nc1 c5 11. dxc5 Nc6 12. Nd4 Bb7 13. Bb5 Rc8 14. Ncb3 Nh5 15. Bh2 Na7 16. 0-0 Nf6 17. Be5 Ne4 18. Bxg7 Kxg7 19. f4 e6 20. Nf3 Nc6 21. Bxc6 Bxc6 22. Qd4+ f6 23. Ng5 Re8 24. Nxe4 dxe4 25. Rfd1 Qc7 26. Qd6 Bd5 27. Rac1 Red8 28. Qxc7+ Rxc7 29. Nxa5 Ra8 30. Nb3 Rxa4 31. Rd4 Ra2 32. Rxb4 Rxb2 33. Rb5 Ra7 34. Nd4 Rxb5 35. Nxb5 Ra5 36. c4 Bc6 37. Nd4 Bd7 38. c6 Bc8 39. Nb5 Ra6 40. c7 Rc6 41. c5 Kf8 42. Rd1 Ke7 43. Rd8 Ba6 44. Rh8 Rxc5 45. Rxh7+ Kf8 46. Nd6 Kg8 47. Re7 Rc6 48. c8Q+ Bxc8 49. Re8+ Kg7 50. Nxc8 Kf7 51. Rd8 Rc3 52. Kf2 Rc2+ 53. Ke1 Rxg2 54. Rd7+ Kf8 55. Nd6 Rg3 56. Kf2 Rxh3 57. Nxe4 Rh2+ 58. Kg3 Re2 59. Kf3 Ra2 60. Nxf6 Ra5 61. Rc7 Rf5 62. Nh7+ Kg8 63. e4 Ra5 64. Ng5 e5 65. fxe5 Rxe5 66. Kf4 Ra5 67. e5 Kf8 68. Ne4 Ra4 69. e6 Rd4 70. Ke5 1-0

[Event "Wch Rapid (Women)"]
[Site "New York"]
[Date "2024.12.27"]
[Round "8"]
[White "Khademalsharieh, Sarasadat"]
[Black "Balabayeva, Kseniya"]
[Result "1-0"]
[WhiteElo "2359"]
[BlackElo "2247"]
[PlyCount "73"]
[EventDate "2024.12.26"]
[EventType "swiss (rapid)"]
[EventRounds "11"]
[EventCountry "USA"]
[SourceTitle "CB01_2025"]
[SourceDate "2025.01.01"]
[SourceVersion "1"]
[SourceVersionDate "2025.01.01"]
[SourceQuality "1"]

1. Nf3 d5 2. g3 Nf6 3. c4 e6 4. Bg2 Be7 5. 0-0 0-0 6. d4 dxc4 7. Qc2 a6 8. a4 c5 9. dxc5 Bxc5 10. Qxc4 Qe7 11. Ne5 Rd8 12. Nd3 Bd4 13. Nc3 Nc6 14. a5 e5 15. Bg5 Be6 16. Qa4 h6 17. Bxf6 Qxf6 18. Rac1 Rac8 19. Ne4 Qe7 20. Nec5 Bxc5 21. Rxc5 Rxd3 22. Rxc6 Rxc6 23. exd3 Rc7 24. Re1 Qd6 25. h4 g6 26. Qe4 Rc5 27. Qb4 Bd5 28. d4 exd4 29. Re8+ Kg7 30. Qxd4+ f6 31. b4 Rb5 32. Bxd5 Rxd5 33. Qe4 Kf7 34. Rh8 Qe5 35. Rh7+ Kf8 36. Qxg6 Qe1+ 37. Kg2 1-0

[Event "Wch Rapid (Women)"]
[Site "New York"]
[Date "2024.12.27"]
[Round "6"]
[White "Wu, Rochelle"]
[Black "Balabayeva, Kseniya"]
[Result "0-1"]
[WhiteElo "2217"]
[BlackElo "2247"]
[PlyCount "96"]
[EventDate "2024.12.26"]
[EventType "swiss (rapid)"]
[EventRounds "11"]
[EventCountry "USA"]
[SourceTitle "CB01_2025"]
[SourceDate "2025.01.01"]
[SourceVersion "1"]
[SourceVersionDate "2025.01.01"]
[SourceQuality "1"]

1. d4 d5 2. c4 e6 3. Nc3 Nf6 4. cxd5 exd5 5. Bg5 c6 6. e3 Be7 7. Bd3 Nbd7 8. Qc2 Nh5 9. Bxe7 Qxe7 10. Nge2 Nb6 11. 0-0 g6 12. a3 0-0 13. Rfe1 Be6 14. f3 Rac8 15. b4 f5 16. Nc1 f4 17. e4 Qg7 18. Qf2 dxe4 19. Nxe4 Rcd8 20. Nc5 Bc8 21. N1b3 Kh8 22. Re5 Nd5 23. Rc1 Ne3 24. Qh4 Rde8 25. Qg5 Qf7 26. Nd2 Qa2 27. Ncb3 Be6 28. Ra1 Qb2 29. Rb1 Qc3 30. Bxg6 hxg6 31. Qh6+ Kg8 32. Qxg6+ Ng7 33. Ne4 Qc2 34. Nbd2 Re7 35. Rh5 Bf5 36. Nf6+ Rxf6 37. Qxf6 Qxd2 38. Rg5 Bxb1 39. Rxg7+ Rxg7 40. Qe6+ Kf8 41. Qc8+ Ke7 42. Qc7+ Kf6 43. Qe5+ Kg6 44. Qe6+ Kh5 45. Qe5+ Nf5 46. Qe8+ Kg5 47. Qd8+ Ne7 48. h4+ Kh6 0-1

[Event "Wch Rapid (Women)"]
[Site "New York"]
[Date "2024.12.26"]
[Round "1"]
[White "Balabayeva, Kseniya"]
[Black "Lee, Alice"]
[Result "0-1"]
[WhiteElo "2247"]
[BlackElo "2415"]
[PlyCount "168"]
[EventDate "2024.12.26"]
[EventType "swiss (rapid)"]
[EventRounds "11"]
[EventCountry "USA"]
[SourceTitle "CB01_2025"]
[SourceDate "2025.01.01"]
[SourceVersion "1"]
[SourceVersionDate "2025.01.01"]
[SourceQuality "1"]

1. d4 d5 2. Nf3 Nf6 3. Bf4 c5 4. e3 Nc6 5. Nbd2 cxd4 6. exd4 Bf5 7. c3 e6 8. Qb3 Qc8 9. h3 Be7 10. Be2 h6 11. a4 0-0 12. 0-0 Rd8 13. Rac1 Bd6 14. Bxd6 Rxd6 15. Qa3 Rd7 16. b4 Rc7 17. a5 Qf8 18. a6 b6 19. Rfe1 Rac8 20. Bb5 Ne4 21. Qb2 Nd6 22. Be2 Qe8 23. Nf1 Nb8 24. b5 Ne4 25. c4 dxc4 26. Ne3 c3 27. Qc2 Nd6 28. Nxf5 Nxf5 29. Bd3 Ne7 30. Re4 Nd5 31. Qb3 c2 32. Rxc2 Rc3 33. Rxc3 Rxc3 34. Qd1 Qc8 35. Re1 Nf4 36. Bf1 Nd7 37. Qd2 Nxh3+ 38. gxh3 Rxf3 39. Rc1 Qd8 40. Bg2 Rf5 41. Qd3 Ne5 42. Qc3 Nf3+ 43. Bxf3 Rxf3 44. Qc8 Qxc8 45. Rxc8+ Kh7 46. Rc7 Kg6 47. Rxa7 Rb3 48. Rb7 Rxb5 49. Kg2 Kf6 50. a7 Ra5 51. Rxb6 Rxa7 52. d5 Re7 53. dxe6 Rxe6 54. Rb4 Re5 55. Rb7 Re4 56. Rb6+ Kg5 57. Rb7 Rf4 58. Kg3 Rf5 59. Ra7 Kh5 60. Ra6 Rg5+ 61. Kh2 Rg6 62. Ra5+ Kh4 63. Ra4+ Kh5 64. Ra5+ Rg5 65. Ra6 f6 66. Ra4 Kg6 67. Rb4 Kf5 68. Ra4 Rg6 69. Rb4 Ke5 70. Ra4 f5 71. Rb4 f4 72. f3 Rg3 73. Rb3 Kf5 74. Rb5+ Kg6 75. Rb3 Kh5 76. Ra3 g5 77. Rb3 Kh4 78. Ra3 h5 79. Rb3 Rxh3+ 80. Kg2 Rg3+ 81. Kh2 g4 82. Rb2 Rxf3 83. Kg2 Re3 84. Ra2 Re2+ 0-1

[Event "Wch Rapid (Women)"]
[Site "New York"]
[Date "2024.12.26"]
[Round "3"]
[White "Balabayeva, Kseniya"]
[Black "Muzychuk, Mariya"]
[Result "1/2-1/2"]
[WhiteElo "2247"]
[BlackElo "2422"]
[PlyCount "110"]
[EventDate "2024.12.26"]
[EventType "swiss (rapid)"]
[EventRounds "11"]
[EventCountry "USA"]
[SourceTitle "CB01_2025"]
[SourceDate "2025.01.01"]
[SourceVersion "1"]
[SourceVersionDate "2025.01.01"]
[SourceQuality "1"]

1. d4 d5 2. Nf3 Nf6 3. Bf4 Bf5 4. e3 e6 5. c3 Bd6 6. Bd3 0-0 7. 0-0 Ne4 8. h3 c5 9. dxc5 Bxc5 10. Qe2 Nc6 11. Rd1 Qe7 12. c4 Nb4 13. cxd5 Nxd5 14. Bxe4 Bxe4 15. Be5 Rfd8 16. Nc3 Nxc3 17. Bxc3 h6 18. Qc4 Bxf3 19. gxf3 e5 20. Qe4 f6 21. b4 Bb6 22. a4 Rac8 23. Be1 a6 24. f4 Rc6 25. fxe5 fxe5 26. Rxd8+ Qxd8 27. b5 Qg5+ 28. Kf1 Rf6 29. Rc1 Qxe3 30. Rc8+ Kf7 31. Rc7+ Kf8 32. Qxe3 Bxe3 33. Rxb7 axb5 34. Rxb5 Bd4 35. Ke2 Rc6 36. Kd3 Kf7 37. f4 Ke6 38. a5 Rc1 39. Bd2 Ra1 40. Bb4 Rd1+ 41. Ke4 Rb1 42. fxe5 Bf2 43. a6 Rb3 44. h4 g5 45. hxg5 hxg5 46. Rb7 Re3+ 47. Kd4 Rxe5+ 48. Kc4 g4 49. a7 Bxa7 50. Rxa7 Re4+ 51. Kc3 Ke5 52. Rf7 Kd5 53. Bf8 Re3+ 54. Kd2 Rf3 55. Rxf3 gxf3 1/2-1/2

[Event "Wch Rapid (Women)"]
[Site "New York"]
[Date "2024.12.26"]
[Round "2"]
[White "Noshin, Anjum"]
[Black "Balabayeva, Kseniya"]
[Result "0-1"]
[WhiteElo "1910"]
[BlackElo "2247"]
[PlyCount "56"]
[EventDate "2024.12.26"]
[EventType "swiss (rapid)"]
[EventRounds "11"]
[EventCountry "USA"]
[SourceTitle "CB01_2025"]
[SourceDate "2025.01.01"]
[SourceVersion "1"]
[SourceVersionDate "2025.01.01"]
[SourceQuality "1"]

1. e4 c6 2. d4 d5 3. e5 Bf5 4. h4 h5 5. Bd3 Bxd3 6. Qxd3 Qa5+ 7. Nd2 e6 8. Ngf3 Ne7 9. 0-0 Nf5 10. c4 Nd7 11. b3 Be7 12. g3 0-0 13. Rd1 Rfd8 14. Nf1 dxc4 15. Qxc4 Nb6 16. Qe2 Nd5 17. Bd2 Qb5 18. Qxb5 cxb5 19. Ne3 Ba3 20. Nxf5 exf5 21. b4 Rac8 22. Rab1 Rc2 23. Bg5 Rdc8 24. Rd3 Rxa2 25. Rbb3 Bxb4 26. Be3 a5 27. Rd1 Rc3 28. Rxc3 Bxc3 0-1

[Event "Wch Rapid (Women)"]
[Site "New York"]
[Date "2024.12.26"]
[Round "4"]
[White "Tsolakidou, Stavroula"]
[Black "Balabayeva, Kseniya"]
[Result "1-0"]
[WhiteElo "2381"]
[BlackElo "2247"]
[PlyCount "93"]
[EventDate "2024.12.26"]
[EventType "swiss (rapid)"]
[EventRounds "11"]
[EventCountry "USA"]
[SourceTitle "CB01_2025"]
[SourceDate "2025.01.01"]
[SourceVersion "1"]
[SourceVersionDate "2025.01.01"]
[SourceQuality "1"]

1. e4 c6 2. d4 d5 3. e5 Bf5 4. Nd2 e6 5. Nb3 Nd7 6. Nf3 h6 7. Be2 g5 8. 0-0 Bg7 9. Ne1 Ne7 10. f4 gxf4 11. Bxf4 0-0 12. Qd2 Kh7 13. Bd3 f6 14. exf6 Nxf6 15. Nc5 Ne4 16. Bxe4 dxe4 17. c3 b6 18. Nb7 Qd7 19. Nd6 Nd5 20. Bg3 Bg6 21. Nc2 c5 22. dxc5 Qc6 23. Qe2 Qxc5+ 24. Kh1 e3 25. Nb4 Nxb4 26. cxb4 Qd4 27. Rfd1 Qxb2 28. Qxe3 Qxb4 29. Rac1 Qg4 30. h3 Qg5 31. Qxg5 hxg5 32. Rc7 Kg8 33. Re1 Bf5 34. Be5 Bxe5 35. Rxe5 Rf6 36. g4 Bg6 37. Rxg5 Kf8 38. Rd7 Bf7 39. h4 a6 40. Kg2 Be8 41. Nxe8 Rxe8 42. Rh7 Rf4 43. h5 Ra4 44. h6 Rxa2+ 45. Kg3 Ra3+ 46. Kh4 Ra1 47. Rgg7 1-0

[Event "KAZ-ch (Women)"]
[Site "Astana"]
[Date "2024.12.11"]
[Round "13"]
[White "Balabayeva, Kseniya"]
[Black "Kaliakhmet, Elnaz"]
[Result "0-1"]
[WhiteElo "2315"]
[BlackElo "2113"]
[PlyCount "118"]
[EventDate "2024.12.01"]
[EventType "tourn"]
[EventRounds "13"]
[EventCountry "KAZ"]
[SourceTitle "CB51_2024"]
[SourceDate "2024.12.18"]
[SourceVersion "1"]
[SourceVersionDate "2024.12.18"]
[SourceQuality "1"]

1. d4 d5 2. c4 e6 3. Nc3 c6 4. e3 Nf6 5. Nf3 Nbd7 6. Qc2 Bd6 7. Be2 dxc4 8. Bxc4 b5 9. Be2 0-0 10. 0-0 Bb7 11. Rd1 Qc7 12. Bd2 a6 13. a4 b4 14. Ne4 Nxe4 15. Qxe4 c5 16. Qh4 a5 17. Rac1 Qb6 18. Bd3 h6 19. e4 Qd8 20. Bg5 f6 21. Qh3 Qe7 22. e5 Bxe5 23. dxe5 fxg5 24. Bc4 Rfe8 25. Rd6 Nf8 26. Nd2 Qf7 27. Nb3 Bd5 28. Nxc5 Bxc4 29. Rxc4 Rac8 30. Qe3 Ng6 31. f3 Qf5 32. Re4 Rc7 33. Qd4 Rec8 34. Rd8+ Kh7 35. Rxc8 Rxc8 36. Qd6 Nf4 37. Qd4 Qf8 38. Nd7 Qe7 39. g3 Rc1+ 40. Kf2 Nd5 41. Nb6 Nxb6 42. Qxb6 Qd7 43. Qd6 Qxa4 44. Re2 Qb3 45. Qd4 Rc4 46. Qd2 Rc5 47. Qd4 Qd5 48. Qe3 b3 49. Kg2 Rc2 50. Kh3 Qc4 51. Rd2 Rxd2 52. Qxd2 a4 53. Qd6 Qd5 54. Qb4 Qxf3 55. Qc4 g4+ 56. Kh4 g5+ 57. Kh5 Qf7+ 58. Kxg4 Qf5+ 59. Kh5 g4+ 0-1

[Event "KAZ-ch (Women)"]
[Site "Astana"]
[Date "2024.12.10"]
[Round "12"]
[White "Berikkyzy, Alanna"]
[Black "Balabayeva, Kseniya"]
[Result "0-1"]
[WhiteElo "2043"]
[BlackElo "2315"]
[PlyCount "40"]
[EventDate "2024.12.01"]
[EventType "tourn"]
[EventRounds "13"]
[EventCountry "KAZ"]
[SourceTitle "CB51_2024"]
[SourceDate "2024.12.18"]
[SourceVersion "1"]
[SourceVersionDate "2024.12.18"]
[SourceQuality "1"]

1. e4 c6 2. Nc3 d5 3. Nf3 Bg4 4. h3 Bxf3 5. Qxf3 e6 6. d4 Nf6 7. Bg5 h6 8. Bh4 Be7 9. 0-0-0 a6 10. Bd3 b5 11. exd5 cxd5 12. Rhe1 Nbd7 13. Ne2 Rc8 14. Bg3 Qa5 15. Kb1 Nb6 16. Nf4 Na4 17. Bg6 0-0 18. Qe3 Bb4 19. Bxf7+ Rxf7 20. Rg1 Nxb2 0-1

[Event "KAZ-ch (Women)"]
[Site "Astana"]
[Date "2024.12.09"]
[Round "11"]
[White "Balabayeva, Kseniya"]
[Black "Serikbay, Assel"]
[Result "1-0"]
[WhiteElo "2315"]
[BlackElo "2236"]
[PlyCount "97"]
[EventDate "2024.12.01"]
[EventType "tourn"]
[EventRounds "13"]
[EventCountry "KAZ"]
[SourceTitle "CB51_2024"]
[SourceDate "2024.12.18"]
[SourceVersion "1"]
[SourceVersionDate "2024.12.18"]
[SourceQuality "1"]

1. d4 Nf6 2. c4 e6 3. Nc3 d5 4. cxd5 exd5 5. Bg5 Be7 6. e3 0-0 7. Bd3 c6 8. Qc2 h6 9. Bh4 Nbd7 10. Nf3 Re8 11. 0-0 Nf8 12. Ne5 Ng4 13. Bg3 Bd6 14. Nxg4 Bxg4 15. Rae1 Bxg3 16. hxg3 Rc8 17. b4 Qd6 18. Qb3 a6 19. Na4 Rc7 20. Nc5 h5 21. a4 Rce7 22. Qc2 Qf6 23. b5 axb5 24. axb5 h4 25. bxc6 bxc6 26. gxh4 Qxh4 27. Bf5 Bxf5 28. Qxf5 g6 29. Qh3 Qxh3 30. gxh3 Ne6 31. Nd3 Ng5 32. Kg2 Ne4 33. Re2 Rb7 34. Rc1 Rb3 35. Ne1 Re6 36. Rec2 Rb6 37. Nd3 Rb3 38. Nf4 Rf6 39. h4 g5 40. hxg5 Rf5 41. g6 Rg5+ 42. Kf3 fxg6 43. Rxc6 Nd2+ 44. Ke2 Nc4 45. Rc2 Nb6 46. Nxg6 Kf7 47. Ne5+ Ke7 48. Rc7+ Ke8 49. Rb7 1-0

[Event "KAZ-ch (Women)"]
[Site "Astana"]
[Date "2024.12.08"]
[Round "9"]
[White "Balabayeva, Kseniya"]
[Black "Nurmanova, Alua"]
[Result "1/2-1/2"]
[WhiteElo "2315"]
[BlackElo "2330"]
[PlyCount "99"]
[EventDate "2024.12.01"]
[EventType "tourn"]
[EventRounds "13"]
[EventCountry "KAZ"]
[SourceTitle "CB51_2024"]
[SourceDate "2024.12.18"]
[SourceVersion "1"]
[SourceVersionDate "2024.12.18"]
[SourceQuality "1"]

1. d4 Nf6 2. Nf3 g6 3. g3 Bg7 4. Bg2 0-0 5. 0-0 d6 6. c4 Bd7 7. Nc3 Re8 8. e4 e5 9. h3 Qc8 10. Kh2 Nc6 11. Be3 exd4 12. Nxd4 Re5 13. g4 Re8 14. g5 Nh5 15. f4 f6 16. gxf6 Nxf6 17. Qd2 a6 18. Rae1 Nd8 19. Bf2 c6 20. Nf3 Nf7 21. c5 dxc5 22. Bxc5 Be6 23. e5 Nd5 24. Nd4 Nxc3 25. Qxc3 Qc7 26. Nxe6 Rxe6 27. Qc4 Rae8 28. Bf3 h5 29. Bd4 Kh8 30. Bd5 R6e7 31. Bxf7 Rxf7 32. Bc5 Rf5 33. e6 b5 34. Qc1 Bh6 35. Qc3+ Kh7 36. e7 Bxf4+ 37. Kh1 Qd7 38. Rd1 Rd5 39. Qf3 Bh6 40. Rxd5 cxd5 41. Kg2 Bg7 42. Qf7 d4 43. Rf6 Qb7+ 44. Kf2 Qe4 45. Qxe8 Qe3+ 46. Kf1 Qc1+ 47. Kf2 Qe3+ 48. Kf1 Qc1+ 49. Kf2 Qe3+ 50. Kf1 1/2-1/2

[Event "KAZ-ch (Women)"]
[Site "Astana"]
[Date "2024.12.08"]
[Round "10"]
[White "Popandopulo, Kristina"]
[Black "Balabayeva, Kseniya"]
[Result "1-0"]
[WhiteElo "2039"]
[BlackElo "2315"]
[PlyCount "107"]
[EventDate "2024.12.01"]
[EventType "tourn"]
[EventRounds "13"]
[EventCountry "KAZ"]
[SourceTitle "CB51_2024"]
[SourceDate "2024.12.18"]
[SourceVersion "1"]
[SourceVersionDate "2024.12.18"]
[SourceQuality "1"]

1. e4 c6 2. d4 d5 3. Nc3 dxe4 4. Nxe4 Nf6 5. Nxf6+ exf6 6. c3 Bd6 7. Bd3 0-0 8. Qc2 Re8+ 9. Ne2 h5 10. 0-0 h4 11. h3 Nd7 12. Be3 Nf8 13. Nf4 Bd7 14. Rfe1 Rc8 15. c4 Bb8 16. Qd2 Qc7 17. Kf1 f5 18. d5 Nh7 19. dxc6 bxc6 20. Qc3 Nf6 21. Rad1 Rcd8 22. Bc2 a6 23. b3 c5 24. a3 Rc8 25. Bc1 Be6 26. Re2 Rcd8 27. Rxd8 Qxd8 28. Re1 Qd6 29. Rd1 Qc7 30. Re1 Qd6 31. Rd1 Qc6 32. Re1 Ne4 33. Qf3 Bc8 34. Nd5 Qg6 35. Kg1 Bb7 36. Bf4 Bxd5 37. cxd5 Be5 38. Bxe4 Bxf4 39. Qxf4 fxe4 40. Qxh4 Qf5 41. Rd1 Qd7 42. Qf4 f6 43. d6 Re5 44. Qe3 Kf8 45. b4 cxb4 46. axb4 Kf7 47. Rd4 f5 48. Qb3+ Kf6 49. Qc4 a5 50. bxa5 Rxa5 51. Qc3 Ra7 52. Rxe4+ Kg6 53. Re7 Qa4 54. Qxg7+ 1-0

[Event "KAZ-ch (Women)"]
[Site "Astana"]
[Date "2024.12.07"]
[Round "8"]
[White "Kaldarova, Ayaulym"]
[Black "Balabayeva, Kseniya"]
[Result "1-0"]
[WhiteElo "2144"]
[BlackElo "2315"]
[PlyCount "73"]
[EventDate "2024.12.01"]
[EventType "tourn"]
[EventRounds "13"]
[EventCountry "KAZ"]
[SourceTitle "CB51_2024"]
[SourceDate "2024.12.18"]
[SourceVersion "1"]
[SourceVersionDate "2024.12.18"]
[SourceQuality "1"]

1. Nf3 d5 2. g3 Nf6 3. Bg2 Bf5 4. c4 e6 5. 0-0 c6 6. Qb3 Qb6 7. d3 Nbd7 8. cxd5 exd5 9. Qc2 Be7 10. Nc3 Bg6 11. e4 dxe4 12. dxe4 Nd5 13. Nxd5 cxd5 14. Qa4 Bxe4 15. Ne5 Qe6 16. Bxe4 dxe4 17. Rd1 Rd8 18. Bf4 g5 19. Nxd7 Rxd7 20. Be5 f6 21. Rac1 fxe5 22. Rc7 Bd6 23. Rc8+ Kf7 24. Rxh8 Kg7 25. Rc8 Rf7 26. Rc2 Qf6 27. Qxe4 Bc5 28. Kg2 h5 29. h3 Bd4 30. Rd3 Rd7 31. Rf3 Qg6 32. Rf5 g4 33. h4 Kh6 34. Rc8 Rf7 35. Rh8+ Kg7 36. Rxf7+ Kxf7 37. Rf8+ 1-0

[Event "KAZ-ch (Women)"]
[Site "Astana"]
[Date "2024.12.06"]
[Round "7"]
[White "Balabayeva, Kseniya"]
[Black "Bauyrzhan, Arnash"]
[Result "1-0"]
[WhiteElo "2315"]
[BlackElo "1945"]
[PlyCount "99"]
[EventDate "2024.12.01"]
[EventType "tourn"]
[EventRounds "13"]
[EventCountry "KAZ"]
[SourceTitle "CB51_2024"]
[SourceDate "2024.12.18"]
[SourceVersion "1"]
[SourceVersionDate "2024.12.18"]
[SourceQuality "1"]

1. d4 d5 2. c4 e6 3. Nc3 Nf6 4. Nf3 Be7 5. Bf4 0-0 6. e3 Nbd7 7. Qc2 c6 8. h3 b6 9. cxd5 exd5 10. Bd3 Bb7 11. 0-0 Re8 12. Ne5 g6 13. Rad1 Nxe5 14. Bxe5 Nd7 15. Bh2 Bf6 16. b4 Qe7 17. Qb3 a5 18. b5 a4 19. Nxa4 c5 20. Bc2 c4 21. Qb2 Ra5 22. Ra1 Rea8 23. Nc3 Qa3 24. Rfb1 Be7 25. Bd1 Nf6 26. Bc7 Bd8 27. Bxd8 Rxd8 28. Qd2 Bc8 29. Rb2 Bd7 30. Bf3 Bf5 31. Rc1 h5 32. Ne2 Qd6 33. h4 Rda8 34. Nc3 Ra3 35. Re1 Re8 36. Qc1 Kg7 37. Rd2 Be4 38. Nxe4 Nxe4 39. Rc2 Qb4 40. Rf1 Ra5 41. Bxe4 Rxe4 42. f3 Re6 43. e4 Qxb5 44. e5 c3 45. Qe3 Rc6 46. f4 Qa4 47. Qf2 Rc4 48. f5 Rxd4 49. fxg6 fxg6 50. Qf8+ 1-0

[Event "KAZ-ch (Women)"]
[Site "Astana"]
[Date "2024.12.05"]
[Round "6"]
[White "Sultanbek, Zeinep"]
[Black "Balabayeva, Kseniya"]
[Result "0-1"]
[WhiteElo "2101"]
[BlackElo "2315"]
[PlyCount "68"]
[EventDate "2024.12.01"]
[EventType "tourn"]
[EventRounds "13"]
[EventCountry "KAZ"]
[SourceTitle "CB51_2024"]
[SourceDate "2024.12.18"]
[SourceVersion "1"]
[SourceVersionDate "2024.12.18"]
[SourceQuality "1"]

1. Nf3 d5 2. g3 Nf6 3. Bg2 e6 4. 0-0 Be7 5. d4 0-0 6. c4 c6 7. Nbd2 b6 8. Qc2 Ba6 9. Re1 c5 10. cxd5 exd5 11. e4 Nc6 12. dxc5 Bxc5 13. exd5 Nb4 14. Qa4 Bd3 15. Ne5 b5 16. Qb3 Qb6 17. Nxd3 Nxd3 18. Qxd3 Bxf2+ 19. Kf1 Bxe1 20. Kxe1 Rfe8+ 21. Kd1 Ng4 22. Kc2 Ne3+ 23. Kb1 Nxg2 24. a4 Ne1 25. Qxb5 Qg6+ 26. Ka2 Rab8 27. Qc6 Nc2 28. Qxg6 hxg6 29. Rb1 Nb4+ 30. Ka3 Re1 31. Nf3 Rf1 32. Nd4 Rb7 33. Bd2 Rxb1 34. Bxb4 a5 0-1

[Event "KAZ-ch (Women)"]
[Site "Astana"]
[Date "2024.12.04"]
[Round "5"]
[White "Balabayeva, Kseniya"]
[Black "Altynbek, Aiaru"]
[Result "1/2-1/2"]
[WhiteElo "2315"]
[BlackElo "2097"]
[PlyCount "110"]
[EventDate "2024.12.01"]
[EventType "tourn"]
[EventRounds "13"]
[EventCountry "KAZ"]
[SourceTitle "CB51_2024"]
[SourceDate "2024.12.18"]
[SourceVersion "1"]
[SourceVersionDate "2024.12.18"]
[SourceQuality "1"]

1. d4 d5 2. Bf4 c5 3. e3 Nc6 4. Nf3 Nf6 5. Nbd2 cxd4 6. exd4 a6 7. c3 Bf5 8. Be2 h6 9. h3 e6 10. a4 Be7 11. Ne5 Nxe5 12. Bxe5 0-0 13. a5 Nd7 14. Bh2 Nb8 15. 0-0 Nc6 16. Qa4 Rc8 17. Rfd1 Qd7 18. Nb3 Bc2 19. Nc5 Bxc5 20. Qxc2 Be7 21. Qd2 Bd8 22. b4 Na7 23. Qe3 Bc7 24. f4 Nb5 25. Bxb5 Qxb5 26. Rd3 Bd6 27. Rf1 Rfe8 28. Qf3 Rc7 29. Re3 Rce7 30. g4 f5 31. Rfe1 Qc6 32. Kg2 g6 33. Bg3 Bc7 34. h4 fxg4 35. Qxg4 Kh7 36. h5 gxh5 37. Qxh5 Rg8 38. Kf2 Rg6 39. Rh1 Rf7 40. Rh4 Rfg7 41. Qe2 Qe8 42. Qd3 Kg8 43. Rf3 Qf7 44. Rh3 h5 45. Ke2 Bd8 46. f5 exf5 47. Be5 Rg2+ 48. Kd1 Qd7 49. b5 R7g5 50. c4 axb5 51. cxb5 Bxa5 52. Rhg3 Rd2+ 53. Kc1 Rg4 54. Rxg4+ hxg4 55. Qxf5 Qxf5 1/2-1/2